LEADER 01118nam0-22003371i-450- 001 990000781440403321 005 20001010 035 $a000078144 035 $aFED01000078144 035 $a(Aleph)000078144FED01 035 $a000078144 100 $a20001010d--------km-y0itay50------ba 101 0 $aita 105 $ay-------001yy 200 1 $aRilievo 2$etopografia plano-altimetrica, Cad topografico, riconfinamenti, utility catastali, grnerazione di file "DXF"$fGiampaolo Tomanin$gcon Cad topografico di Udino Ranzato 210 $aRimini$cMaggioli$dc1993 215 $a238 p.$cdis.$d25 cm+ 3 floppy disk da 3.5". 225 1 $aAmbiente, territorio, edilizia, urbanistica$iSoftware 300 $aInclude 3 appendici 610 0 $aCAD TOPOGRAFICO 610 0 $aTOPOGRAFIA PLANO$aALTIMETRICA$aprogramma computerizzato 676 $a620.004 202 85 700 1$aTomanin,$bGiampaolo$0343825 801 0$aIT$bUNINA$gRICA$2UNIMARC 901 $aBK 912 $a990000781440403321 952 $aTECN B 967$b5020/700$fFARBC 959 $aFARBC 996 $aRilievo 2$9351005 997 $aUNINA DB $aING01 LEADER 00707nam0-2200265 --450 001 9910776263103321 005 20240201154414.0 100 $a20240201d1961----kmuy0itay5050 ba 101 0 $aeng 102 $aCH 105 $aa 001yy 200 1 $aAir pollution$fK. Barker ... [et al.] 210 $aGeneva$cWorld Health Organization$d1961 215 $a442 p.$cill., 2 tav.$d24 cm. 225 1 $aMonographs series$v46 610 0 $aInquinamento 676 $a614.7$v20$zita 702 1$aBarker,$bK. 801 0$aIT$bUNINA$gREICAT$2UNIMARC 901 $aBK 912 $a9910776263103321 952 $aA PAT 1151$b998/2024$fFAGBC 959 $aFAGBC 996 $aAir pollution$958916 997 $aUNINA